AUDE LOCATELLI, Littérature et musique au XXe siècle. Paris, PUF, « Que sais-je ? », n° 3611,2001. Un vol. 17,5 × 11,5 de 128 p. ISBN 2 13-051705-6. (notice n° 1653652)

détails MARC
000 -LEADER
fixed length control field 01209cam a2200157 4500500
005 - DATE AND TIME OF LATEST TRANSACTION
control field 20260208005747.0
041 ## - LANGUAGE CODE
Language code of text/sound track or separate title fre
042 ## - AUTHENTICATION CODE
Authentication code dc
100 10 - MAIN ENTRY--PERSONAL NAME
Personal name Lécroart, Pascal
Relator term author
245 00 - TITLE STATEMENT
Title AUDE LOCATELLI, Littérature et musique au XXe siècle. Paris, PUF, « Que sais-je ? », n° 3611,2001. Un vol. 17,5 × 11,5 de 128 p. ISBN 2 13-051705-6.
260 ## - PUBLICATION, DISTRIBUTION, ETC.
Date of publication, distribution, etc. 2003.<br/>
500 ## - GENERAL NOTE
General note 98
520 ## - SUMMARY, ETC.
Summary, etc. L’Instant sublime de L’Adoration perpétuelle est le lieu d’une intense félicité — une « Illumination à la Parsifal » — et donne lieu à un indubitable accomplissement du narrateur. Or l’esthétique kantienne permet une analyse de cet Instant (cf.« Proust, l’Instant et le sublime »). Elle dévoile les différents temps à l’œuvre dans la Recherche : du « Temps perdu » surgissent en effet deux « Temps retrouvés » distincts. Ainsi, l’œuvre littéraire se clôt sur la révélation de son propre processus temporel.
786 0# - DATA SOURCE ENTRY
Note Revue d'histoire littéraire de la France | 103 | 4 | 2003-09-01 | p. 951zza-1022zza | 0035-2411
856 41 - ELECTRONIC LOCATION AND ACCESS
Uniform Resource Identifier <a href="https://shs.cairn.info/revue-d-histoire-litteraire-de-la-france-2003-4-page-951zza?lang=fr&redirect-ssocas=7080">https://shs.cairn.info/revue-d-histoire-litteraire-de-la-france-2003-4-page-951zza?lang=fr&redirect-ssocas=7080</a>

Pas d'exemplaire disponible.

PLUDOC

PLUDOC est la plateforme unique et centralisée de gestion des bibliothèques physiques et numériques de Guinée administré par le CEDUST. Elle est la plus grande base de données de ressources documentaires pour les Étudiants, Enseignants chercheurs et Chercheurs de Guinée.

Adresse

627 919 101/664 919 101

25 boulevard du commerce
Kaloum, Conakry, Guinée

Réseaux sociaux

Powered by Netsen Group @ 2025